| 000 | 00824nam a22002657a 4500 | ||
|---|---|---|---|
| 003 | CHAP | ||
| 005 | 20220329141711.0 | ||
| 008 | 971013s1967 r 00010 d | ||
| 010 | _a72443 | ||
| 011 | _a73415 | ||
| 035 | _a82972 | ||
| 040 | _cCHAP | ||
| 090 | _aFolleto 1241 | ||
| 110 |
_aCanada. Department of Agriculture. Animal Research Institute _918183 |
||
| 245 |
_aResearch report, 1959-1964 _b: Central experimental farm Ottawa, Ontario |
||
| 260 |
_aOttawa : _b(s.e.), _c1967 |
||
| 300 | _a48 p. | ||
| 590 |
_aBATCH-UPD _b10 _c20130110 _lUCH01 _h2301 |
||
| 590 |
_aBATCH-UPD _b10 _c20130410 _lUCH01 _h1553 |
||
| 590 |
_aCONVERSION _b10 _c20130109 _lUCH01 _h1340 |
||
| 650 | 1 | 4 |
_aAnimales domesticos _xInvestigacion. _95908 |
| 901 | _aBK | ||
| 942 | _cFOLL | ||
| 949 |
_aFolleto 1241 _bBC _cFOLL _d-37267 _eTS1 _i82972 _si |
||
| 999 |
_c72443 _d72443 |
||